| 000 | 004170000a22001690004500 | ||
|---|---|---|---|
| 003 | MACL | ||
| 005 | 20160103122820.0 | ||
| 008 | 160103b xxu||||| |||| 00| 0 eng d | ||
| 040 |
_aMACL _cMACL |
||
| 041 | _aEnglish | ||
| 082 | _a821/LON | ||
| 100 |
_aFrederick Warne _927630 |
||
| 245 | _aThe Poetical Works of Longfellow | ||
| 260 | _bFrederick Warne & Co | ||
| 650 |
_aPoetry _927631 |
||
| 942 |
_cBK _k821/War _2ddc |
||
| 999 |
_c35535 _d35535 |
||